Statistics for Miraculous ladybug hero and kwami match

Click here to take the quiz!

General Stats

  • This quiz has been taken 1,157 times
  • The average score is 9 of 9

Answer Stats

QuestionAnswer% Correct
Chat noirPlagg
99%
Queen beePollen
99%
LadybugTikki
99%
MultimouseMullo
98%
Rena rougeTrixx
98%
RyukkoLongg
96%
CarapaceWayzz
96%
King monkeyXuppu
96%
ViperionSass
94%

Score Distribution

Percentile by Number Answered

Percent of People with Each Score

Your Score History

You have not taken this quiz